Biology Chapter 17 Prefixes and Suffixes - Statistics

General Stats
  • This quiz has been taken 15 times
  • The average score is 5 of 20
Answer Stats
Hint Answer % Correct
carn- meat
88%
mort- death
75%
anthropo- human
63%
pre- before
50%
-dactyl- finger
50%
chron- time
50%
homo- human
25%
ob- against
13%
pter- having wings or fins
13%
lin- line
13%
-paleo- old, ancient
13%
loc- place
13%
-fid, fiss- split
13%
-grad- step
13%
dis- apart
0%
cen-, -cene now, recent
0%
-nom-, -nomy ordered knowledge, law
0%
-orium, -ory place for something
0%
-gen, -gine producer, former
0%
-plan- roaming, wandering
0%
No matching quizzes found
Score Distribution
Percent of People with Each Score
Percentile by Number Answered
Your Score History
You have not taken this quiz